Effective communication skills / (Record no. 69281)

MARC details
000 -LEADER
fixed length control field 00890nam a22002537a 4500
005 - DATE AND TIME OF LATEST TRANSACTION
control field 20120824112638.0
008 - FIXED-LENGTH DATA ELEMENTS--GENERAL INFORMATION
fixed length control field 120824t xxu||||| |||| 00| 0 eng d
010 ## - LCCN (DPL NO)
LC control number ENG-105620
020 ## - INTERNATIONAL STANDARD BOOK NUMBER
Terms of availability 175.00
International Standard Book Number 9789382246220
035 ## - SYSTEM CONTROL NUMBER
System control number EN-89153
037 ## - SOURCE OF ACQUISITION
Source of stock number/acquisition DBAD/PUB
040 ## - CATALOGING SOURCE
Original cataloging agency DPL
Language of cataloging Eng
082 ## - DEWEY DECIMAL CLASSIFICATION NUMBER
Classification number 302.2
100 ## - MAIN ENTRY--PERSONAL NAME
9 (RLIN) 51282
245 ## - TITLE STATEMENT
Title Effective communication skills /
Statement of responsibility, etc edited by Shital Parkash [and] M.K. Agarwal
260 ## - PUBLICATION, DISTRIBUTION, ETC. (IMPRINT)
Place of publication, distribution, etc Chandigarh
Name of publisher, distributor, etc Unistar Books
Date of publication, distribution, etc 2012
270 ## - ADDRESS
Address S.C.O.26-27, Sector 34A
City Chandigarh
Postal code 160022
300 ## - PHYSICAL DESCRIPTION
Extent 160p.
Dimensions 24cm(pbk)
490 ## - SERIES STATEMENT
Series statement Efficient office series-3
-- 51444
700 ## - ADDED ENTRY--PERSONAL NAME
Personal name Shital Parkash
9 (RLIN) 51445
700 ## - ADDED ENTRY--PERSONAL NAME
Personal name Agarwal, M.K.
9 (RLIN) 51446
942 ## - ADDED ENTRY ELEMENTS (KOHA)
Source of classification or shelving scheme Dewey Decimal Classification
Item type English Books
Call number suffix EFF
Classification part 302.2
Holdings
Withdrawn status Lost status Source of classification or shelving scheme Damaged status Not for loan Collection code Home library Current library Date acquired Source of acquisition Cost, normal purchase price Total Checkouts Full call number Barcode Date last seen Copy number Cost, replacement price Koha item type
    Dewey Decimal Classification   Not For Loan Non-fiction D.B.Act.Division D.B.Act.Division 24/08/2012 DBAD/PUB 175.00   302.2 EFF EN-89153 24/08/2012 1 175.00 English Books

© Delhi Public Library
Hit Counter
free hit counter